000 00698nam a2200289Ia 4500
005 20260324142516.0
008 008 260324s9999 xx 000 0 eng d
020 _a9780429028786
037 _aEBOOK
040 _aCRL
040 _beng
040 _cCRL
041 _2eng
041 _aeng
084 _qCRL
100 _aAlan Richardson
_91212195
245 0 _aIndividual Differences in Imaging
245 0 _bTheir Measurement, Origins, and Consequences
260 _bTaylor and Francis
260 _c1994
365 _a
365 _b220
856 _uhttp://www.taylorfrancis.com/books/9780429028786
942 _cEBOOK
999 _c1816481
_d1816481